<?xml version="1.0" encoding="UTF-8"?>
<collection xmlns="http://www.loc.gov/MARC21/slim">
 <record>
  <leader>01350pam a22002658a 4500</leader>
  <controlfield tag="001">00029561</controlfield>
  <controlfield tag="005">20171026081023.0</controlfield>
  <controlfield tag="008">120823s1999                  ||||||viesd</controlfield>
  <datafield tag="020" ind1="#" ind2="#">
   <subfield code="c">33000</subfield>
  </datafield>
  <datafield tag="041" ind1="0" ind2="#">
   <subfield code="a">vie</subfield>
  </datafield>
  <datafield tag="082" ind1="1" ind2="#">
   <subfield code="b">KH108V</subfield>
   <subfield code="a">895.922 09</subfield>
  </datafield>
  <datafield tag="100" ind1="1" ind2="#">
   <subfield code="a">Bùi, Duy Tân</subfield>
  </datafield>
  <datafield tag="245" ind1="1" ind2="0">
   <subfield code="c">Bùi Duy Tân</subfield>
   <subfield code="n">T.1</subfield>
   <subfield code="a">Khảo và luận một số thể loại tác gia - tác phẩm văn học trung đại Việt Nam</subfield>
  </datafield>
  <datafield tag="260" ind1="#" ind2="#">
   <subfield code="a">Hà Nội</subfield>
   <subfield code="b">Đại học quốc gia Hà Nội</subfield>
   <subfield code="c">1999</subfield>
  </datafield>
  <datafield tag="300" ind1="#" ind2="#">
   <subfield code="a">642 tr.</subfield>
   <subfield code="c">21cm.</subfield>
  </datafield>
  <datafield tag="520" ind1="3" ind2="#">
   <subfield code="a">Một số bài nghiên cứu giãng dạy về thi pháp của một số tác gia - tác phẩm văn học trung đại Việt Nam</subfield>
  </datafield>
  <datafield tag="650" ind1="#" ind2="4">
   <subfield code="a">Văn học trung đại</subfield>
   <subfield code="v">Nghiên cứu</subfield>
   <subfield code="z">Việt Nam</subfield>
  </datafield>
  <datafield tag="653" ind1="#" ind2="#">
   <subfield code="a">Nghiên cứu văn học</subfield>
  </datafield>
  <datafield tag="653" ind1="#" ind2="#">
   <subfield code="a">Văn học trung đại Việt Nam</subfield>
  </datafield>
  <datafield tag="852" ind1="#" ind2="#">
   <subfield code="b">Kho mượn</subfield>
   <subfield code="j">KM.0014205, KM.0014206, KM.0014207, KM.0014208, KM.0014209, KM.0014210, KM.0014211, KM.0014212, KM.0014213, KM.0022128, KM.0022806</subfield>
  </datafield>
  <datafield tag="852" ind1="#" ind2="#">
   <subfield code="b">Kho đọc</subfield>
   <subfield code="j">KD.0013798</subfield>
  </datafield>
  <datafield tag="852" ind1="#" ind2="#">
   <subfield code="j">KM.0014205</subfield>
   <subfield code="j">KM.0014206</subfield>
   <subfield code="j">KM.0014208</subfield>
   <subfield code="j">KM.0014209</subfield>
   <subfield code="j">KM.0014211</subfield>
   <subfield code="j">KM.0014212</subfield>
   <subfield code="j">KM.0022128</subfield>
   <subfield code="j">KD.0013798</subfield>
   <subfield code="j">KM.0022806</subfield>
   <subfield code="j">KM.0014207</subfield>
   <subfield code="j">KM.0014210</subfield>
   <subfield code="j">KM.0014213</subfield>
  </datafield>
  <datafield tag="910" ind1="#" ind2="#">
   <subfield code="d">03/10/2012</subfield>
  </datafield>
  <datafield tag="980" ind1="#" ind2="#">
   <subfield code="a">Trung tâm Học liệu Lê Vũ Hùng, Trường Đại học Đồng Tháp</subfield>
  </datafield>
 </record>
</collection>
